Hoover's Handbook Profiles of over 500 Major Corporations

Salvato in:
Dettagli Bibliografici
Natura: Libro
Lingua:inglese
Pubblicazione: Highway Reference Press 1990
Edizione:1. ed.
Soggetti:
Tags: Aggiungi Tag
Nessun Tag, puoi essere il primo ad aggiungerne!!

MARC

LEADER 00000nam a2200000 4500
001 c000434
005 20240325094627.9
020 |a 1-878753-00-2 
041 0 |a eng 
044 |a US 
245 1 0 |a Hoover's Handbook  |b Profiles of over 500 Major Corporations 
250 |a 1. ed. 
264 1 |a Highway  |b Reference Press  |c 1990 
300 |a 646 s. 
610 2 0 |a korporácie 
610 2 0 |a podnik veľký 
610 2 0 |a porovnanie medzipodnikové 
610 2 0 |a odvetvia priemyselné 
610 2 0 |a výrobky 
610 2 0 |a podnikanie 
610 2 0 |a USA